[Event "España tch División de Honor 2014"]
[Site "Linares ESP"]
[Date "2014.09.05"]
[Round "2.4"]
[White "Rakhmanov, Aleksandr"]
[Black "Bacrot, Etienne"]
[Result "1/2-1/2"]
[WhiteElo "2626"]
[BlackElo "2729"]
[PlyCount "101"]
[EventDate "2014.09.04"]
[EventType "team-tourn"]
[EventRounds "7"]
[EventCountry "ESP"]
[Source "lmi"]
[SourceDate "2014.09.04"]
[WhiteTeam "ESCOLA D'ESCACS DE BARCELONA"]
[BlackTeam "GROS XAKE TALDEA"]

1. Nf3 Nf6 2. g3 c5 3. Bg2 d5 4. c4 d4 5. O-O Nc6 6. e3 e5 7. exd4 exd4 8. Re1+
Be7 9. d3 O-O 10. h3 h6 11. Ne5 Nxe5 12. Rxe5 Bd6 13. Re1 Bd7 14. Na3 a6 15.
Bd2 Rb8 16. Rb1 Qc8 17. Kh2 Bf5 18. Qc2 Nd7 19. Rbd1 Re8 20. Rxe8+ Qxe8 21. Re1
Qc8 22. f4 h5 23. Bc1 Nf6 24. Nb1 Qd7 25. Bf1 b5 26. Na3 Qc7 27. Kg1 Qa5 28.
Bd2 b4 29. Qd1 Bd7 30. h4 Re8 31. Rxe8+ Bxe8 32. Qb1 Ba4 33. b3 Bc6 34. Nc2 Qc7
35. Qe1 Bf3 36. Qf2 Bd1 37. Ne1 Qe7 38. Qg2 Kh7 39. Nf3 Bxf3 40. Qxf3 a5 41.
Bh3 Qe8 42. Qd1 Kg8 43. Kf2 Qc6 44. Qf3 Qe8 45. Qb7 a4 46. Qa6 axb3 47. axb3
Qe7 48. Qc8+ Kh7 49. Bf5+ g6 50. Bh3 Kg7 51. Qc6 1/2-1/2

[Event "España tch División de Honor 2014"]
[Site "Linares ESP"]
[Date "2014.09.05"]
[Round "2.4"]
[White "Van Wely, Loek"]
[Black "Spraggett, Kevin"]
[Result "1/2-1/2"]
[WhiteElo "2650"]
[BlackElo "2564"]
[PlyCount "69"]
[EventDate "2014.09.04"]
[EventType "team-tourn"]
[EventRounds "7"]
[EventCountry "ESP"]
[Source "lmi"]
[SourceDate "2014.09.04"]
[WhiteTeam "GROS XAKE TALDEA"]
[BlackTeam "ESCOLA D'ESCACS DE BARCELONA"]

1. d4 Nf6 2. c4 e6 3. Nf3 c5 4. d5 d6 5. Nc3 exd5 6. cxd5 g6 7. h3 Bg7 8. e4
O-O 9. Bd3 Nh5 10. O-O a6 11. a4 Nd7 12. Bg5 Bf6 13. Be3 Re8 14. g4 Ng7 15. Kg2
h5 16. g5 Bd4 17. Bf4 Ne5 18. Nxe5 dxe5 19. Bd2 c4 20. Bc2 Bd7 21. a5 Rc8 22.
Ba4 Bxa4 23. Rxa4 Re7 24. Qe2 Ne8 25. Rxc4 Rxc4 26. Qxc4 Qxa5 27. Qd3 Qb6 28.
Ne2 Bc5 29. Bc3 Nd6 30. h4 Bb4 31. Ng3 Bxc3 32. Qxc3 Qc7 33. Qf3 Re8 34. Qf6 a5
35. b3 1/2-1/2

[Event "España tch División de Honor 2014"]
[Site "Linares ESP"]
[Date "2014.09.05"]
[Round "2.4"]
[White "Cruz, Cristhian"]
[Black "Sokolov, Ivan"]
[Result "1/2-1/2"]
[WhiteElo "2569"]
[BlackElo "2646"]
[PlyCount "80"]
[EventDate "2014.09.04"]
[EventType "team-tourn"]
[EventRounds "7"]
[EventCountry "ESP"]
[Source "lmi"]
[SourceDate "2014.09.04"]
[WhiteTeam "ESCOLA D'ESCACS DE BARCELONA"]
[BlackTeam "GROS XAKE TALDEA"]

1. c4 e5 2. g3 c6 3. d4 exd4 4. Qxd4 Nf6 5. Bg2 Na6 6. Nf3 Bc5 7. Qd1 d5 8.
cxd5 Qxd5 9. O-O Qxd1 10. Rxd1 O-O 11. Nc3 Bf5 12. Nd4 Bg6 13. Bg5 Rfe8 14.
Bxf6 gxf6 15. Rd2 Rad8 16. Rad1 Bb4 17. Nb3 Rxd2 18. Rxd2 Bf5 19. a3 Bxc3 20.
bxc3 Be6 21. Nd4 Rd8 22. Nf3 Rxd2 23. Nxd2 Kf8 24. Kf1 Ke7 25. Ke1 Nc5 26. Kd1
a5 27. Kc2 Kd7 28. c4 Kd6 29. Kc3 Na4+ 30. Kd4 c5+ 31. Kd3 Nb2+ 32. Kc3 Nd1+
33. Kc2 Nxf2 34. Bxb7 Ng4 35. h4 f5 36. Kc3 Ne3 37. Kd3 Nd1 38. Kc2 Ne3+ 39.
Kd3 Nd1 40. Kc2 Ke5 1/2-1/2

[Event "España tch División de Honor 2014"]
[Site "Linares ESP"]
[Date "2014.09.05"]
[Round "2.4"]
[White "Franco Alonso, Alejandro"]
[Black "Gual Pascual, Antonio"]
[Result "1-0"]
[WhiteElo "2471"]
[BlackElo "2447"]
[PlyCount "103"]
[EventDate "2014.09.04"]
[EventType "team-tourn"]
[EventRounds "7"]
[EventCountry "ESP"]
[Source "lmi"]
[SourceDate "2014.09.04"]
[WhiteTeam "GROS XAKE TALDEA"]
[BlackTeam "ESCOLA D'ESCACS DE BARCELONA"]

1. Nf3 g6 2. d4 Bg7 3. c4 d6 4. Nc3 Bg4 5. e3 c5 6. d5 Nf6 7. Be2 O-O 8. O-O
Na6 9. e4 Nd7 10. Bg5 h6 11. Bf4 Nc7 12. Qd2 Kh7 13. Rab1 a6 14. a4 Rb8 15. Qe3
Bxf3 16. Qxf3 e5 17. Bd2 a5 18. Bd3 b6 19. Qh3 h5 20. g3 Bh6 21. f4 Kg7 22.
Rbe1 h4 23. Nd1 hxg3 24. hxg3 Rh8 25. Qg2 Kg8 26. Bc3 Bg7 27. Re2 exf4 28. Bxg7
Kxg7 29. gxf4 Qh4 30. Ne3 Kf8 31. Ng4 Ne8 32. Qf3 Qh3 33. Rh2 Qxf3 34. Rxh8+
Kg7 35. Rxf3 Kxh8 36. e5 f5 37. exf6 Nexf6 38. Nxf6 Nxf6 39. Bxg6 Kg7 40. Bf5
Nh5 41. Bg4 Kg6 42. Kf2 Ng7 43. Re3 Rf8 44. Kf3 Rh8 45. Re7 Rh2 46. Rd7 Nf5 47.
Bxf5+ Kxf5 48. Rxd6 Rxb2 49. Re6 Rb4 50. Re5+ Kf6 51. d6 Rxc4 52. Rd5 1-0

[Event "España tch División de Honor 2014"]
[Site "Linares ESP"]
[Date "2014.09.05"]
[Round "2.4"]
[White "Avila Jimenez, Xavier"]
[Black "Gonzalez De La Torre, Santiago"]
[Result "1/2-1/2"]
[WhiteElo "2220"]
[BlackElo "2450"]
[PlyCount "49"]
[EventDate "2014.09.04"]
[EventType "team-tourn"]
[EventRounds "7"]
[EventCountry "ESP"]
[Source "lmi"]
[SourceDate "2014.09.04"]
[WhiteTeam "ESCOLA D'ESCACS DE BARCELONA"]
[BlackTeam "GROS XAKE TALDEA"]

1. d4 Nf6 2. Bg5 d5 3. e3 c5 4. c3 Nc6 5. Nf3 Ne4 6. Bf4 f6 7. Nbd2 g5 8. Nxe4
dxe4 9. Nxg5 fxg5 10. Qh5+ Kd7 11. dxc5 gxf4 12. O-O-O+ Kc7 13. Rxd8 Kxd8 14.
Bb5 Bg7 15. Rd1+ Kc7 16. Qg5 Bf6 17. Qxf4+ Be5 18. Qxe4 Bf6 19. Bxc6 bxc6 20.
Qf4+ Kb7 21. Qb4+ Kc7 22. Qa5+ Kb7 23. Qb4+ Kc7 24. Qa5+ Kb7 25. Qb4+ 1/2-1/2

[Event "España tch División de Honor 2014"]
[Site "Linares ESP"]
[Date "2014.09.05"]
[Round "2.4"]
[White "Argandona Riveiro, Inigo"]
[Black "Orteu Capdevila, Max"]
[Result "1-0"]
[WhiteElo "2434"]
[BlackElo "2080"]
[PlyCount "65"]
[EventDate "2014.09.04"]
[EventType "team-tourn"]
[EventRounds "7"]
[EventCountry "ESP"]
[Source "lmi"]
[SourceDate "2014.09.04"]
[WhiteTeam "GROS XAKE TALDEA"]
[BlackTeam "ESCOLA D'ESCACS DE BARCELONA"]

1. d4 Nf6 2. c4 e6 3. Nc3 c5 4. d5 exd5 5. cxd5 d6 6. e4 g6 7. f4 Bg7 8. Bb5+
Nfd7 9. Be2 Qh4+ 10. g3 Qd8 11. Nf3 O-O 12. O-O Na6 13. Kg2 Nc7 14. a4 a6 15.
Nd2 Rb8 16. Nc4 Nf6 17. Bf3 b5 18. Na5 Ncxd5 19. Nxd5 Qxa5 20. Ne7+ Kh8 21. e5
dxe5 22. fxe5 Ne8 23. Nc6 Qc7 24. Nxb8 Qxb8 25. axb5 axb5 26. Ra8 Qc7 27. Bf4
Bb7 28. e6 Qe7 29. Qd7 Bxf3+ 30. Rxf3 Qxe6 31. Qxe6 fxe6 32. Be5 Rg8 33. Rf8
1-0

[Event "España tch División de Honor 2014"]
[Site "Linares ESP"]
[Date "2014.09.06"]
[Round "3.1"]
[White "Sargissian, Gabriel"]
[Black "Ivanchuk, Vassily"]
[Result "1/2-1/2"]
[WhiteElo "2691"]
[BlackElo "2726"]
[PlyCount "71"]
[EventDate "2014.09.04"]
[EventType "team-tourn"]
[EventRounds "7"]
[EventCountry "ESP"]
[Source "lmi"]
[SourceDate "2014.09.04"]
[WhiteTeam "CLUB MAGIC EXTREMADURA"]
[BlackTeam "MERIDA PATRIMONIO DE LA HUMANIDAD"]

1. d4 Nf6 2. c4 e6 3. Nf3 d5 4. g3 Bb4+ 5. Bd2 Be7 6. Bg2 O-O 7. O-O c6 8. Qc2
Nbd7 9. Bf4 b6 10. Rd1 Bb7 11. Ne5 Nh5 12. Bd2 Nhf6 13. cxd5 cxd5 14. Nc6 Bxc6
15. Qxc6 Ne8 16. Nc3 Nd6 17. e4 dxe4 18. Nxe4 Rc8 19. Qa4 Nxe4 20. Bxe4 Nf6 21.
Bf3 Qd7 22. Qxd7 Nxd7 23. Rac1 Nf6 24. Bb7 Rxc1 25. Rxc1 Rd8 26. Be3 Kf8 27.
Kf1 Nd5 28. Bxd5 Rxd5 29. Rc7 a5 30. Rb7 b5 31. b3 Bf6 32. Ke2 g5 33. Ra7 b4
34. h3 Kg7 35. Kf3 Bxd4 36. Bxd4+ 1/2-1/2

[Event "España tch División de Honor 2014"]
[Site "Linares ESP"]
[Date "2014.09.06"]
[Round "3.1"]
[White "Almasi, Zoltan"]
[Black "Oparin, Grigoriy"]
[Result "0-1"]
[WhiteElo "2694"]
[BlackElo "2540"]
[PlyCount "82"]
[EventDate "2014.09.04"]
[EventType "team-tourn"]
[EventRounds "7"]
[EventCountry "ESP"]
[Source "lmi"]
[SourceDate "2014.09.04"]
[WhiteTeam "MERIDA PATRIMONIO DE LA HUMANIDAD"]
[BlackTeam "CLUB MAGIC EXTREMADURA"]

1. Nf3 d5 2. g3 Nf6 3. Bg2 c6 4. c4 dxc4 5. O-O Nbd7 6. Na3 Nb6 7. Ne5 Be6 8.
Qc2 h5 9. h4 Qd4 10. Nf3 Qe4 11. d3 cxd3 12. exd3 Qg4 13. b3 Bd5 14. Qe2 e6 15.
Nc4 Bc5 16. Be3 Bxe3 17. Qxe3 Rd8 18. Nce5 Qf5 19. Nd4 Qh7 20. Bh3 Qh6 21. f4
O-O 22. Rae1 Nbd7 23. Qf2 Nxe5 24. Rxe5 c5 25. Ne2 b6 26. f5 Nd7 27. Re3 e5 28.
Nc3 Bc6 29. Qe2 Rfe8 30. Bg2 Bxg2 31. Kxg2 Nf6 32. Ne4 Rd4 33. Nxf6+ gxf6 34.
Re4 Red8 35. Rxd4 Rxd4 36. Rf2 Rg4 37. Qf3 Qc1 38. Re2 Kg7 39. Re4 Rxe4 40.
dxe4 b5 41. g4 Qf4 0-1

[Event "España tch División de Honor 2014"]
[Site "Linares ESP"]
[Date "2014.09.06"]
[Round "3.1"]
[White "Svetushkin, Dmitry"]
[Black "Kryvoruchko, Yuriy"]
[Result "1/2-1/2"]
[WhiteElo "2580"]
[BlackElo "2708"]
[PlyCount "91"]
[EventDate "2014.09.04"]
[EventType "team-tourn"]
[EventRounds "7"]
[EventCountry "ESP"]
[Source "lmi"]
[SourceDate "2014.09.04"]
[WhiteTeam "CLUB MAGIC EXTREMADURA"]
[BlackTeam "MERIDA PATRIMONIO DE LA HUMANIDAD"]

1. e4 c5 2. Nf3 e6 3. d3 Nc6 4. g3 d5 5. Qe2 Nf6 6. Bg2 Be7 7. O-O O-O 8. e5
Nd7 9. c4 b5 10. cxb5 Na5 11. Nfd2 a6 12. a4 Nb6 13. b3 axb5 14. axb5 Bd7 15.
Na3 Qe8 16. Nac4 dxc4 17. bxc4 Nc6 18. Bb2 Rxa1 19. Rxa1 Nb4 20. Ne4 Kh8 21.
Nf6 Qd8 22. Qh5 Bxf6 23. exf6 g6 24. Qh6 Rg8 25. Be4 Nc2 26. Ra7 Nc8 27. Ra8
Nd4 28. Bxd4 cxd4 29. Qf4 Qb6 30. Rb8 Qc5 31. h4 e5 32. Qg5 Nd6 33. Bxg6 Bc8
34. h5 Qc7 35. Ra8 Qb7 36. Qh6 fxg6 37. hxg6 Rxg6 38. Qf8+ Rg8 39. Qxd6 Qxa8
40. f7 Rxg3+ 41. fxg3 Qa1+ 42. Kf2 Qa2+ 43. Kf3 Qa8+ 44. Kf2 Qa2+ 45. Kf3 Qa8+
46. Kf2 1/2-1/2

[Event "España tch División de Honor 2014"]
[Site "Linares ESP"]
[Date "2014.09.06"]
[Round "3.1"]
[White "Berkes, Ferenc"]
[Black "Perez Candelario, Manuel"]
[Result "1-0"]
[WhiteElo "2649"]
[BlackElo "2575"]
[PlyCount "92"]
[EventDate "2014.09.04"]
[EventType "team-tourn"]
[EventRounds "7"]
[EventCountry "ESP"]
[Source "lmi"]
[SourceDate "2014.09.04"]
[WhiteTeam "MERIDA PATRIMONIO DE LA HUMANIDAD"]
[BlackTeam "CLUB MAGIC EXTREMADURA"]

1. d4 d5 2. Nf3 c5 3. c4 dxc4 4. e4 cxd4 5. Qxd4 Qxd4 6. Nxd4 Bd7 7. Bxc4 Nc6
8. Nxc6 Bxc6 9. f3 Rc8 10. Na3 e6 11. Bd3 Nf6 12. Be3 Nd7 13. Rc1 Ne5 14. Be2
a6 15. Kf2 Be7 16. Nc4 Nxc4 17. Rxc4 Bd6 18. Rhc1 Ke7 19. f4 f6 20. Bc5 e5 21.
fxe5 fxe5 22. Ke3 Rhf8 23. Bxd6+ Kxd6 24. Rd1+ Kc7 25. Rc5 Rfe8 26. Rdd5 h6 27.
Rxe5 Kd6 28. Rxe8 Rxe8 29. Rc4 b5 30. Rd4+ Ke5 31. Bf3 Rc8 32. a3 Rc7 33. Rd8
Bd7 34. h4 g5 35. h5 Be6 36. Re8 Rc4 37. b3 Rc3+ 38. Kd2 Rxb3 39. Bg4 Kxe4 40.
Rxe6+ Kf4 41. Bf3 Rxa3 42. Rf6+ Ke5 43. Rxh6 b4 44. Rb6 a5 45. h6 Ra1 46. Bd1
Kd5 1-0

[Event "España tch División de Honor 2014"]
[Site "Linares ESP"]
[Date "2014.09.06"]
[Round "3.1"]
[White "Antipov, Mikhail Al"]
[Black "Illescas Cordoba, Miguel"]
[Result "1-0"]
[WhiteElo "2508"]
[BlackElo "2617"]
[PlyCount "119"]
[EventDate "2014.09.04"]
[EventType "team-tourn"]
[EventRounds "7"]
[EventCountry "ESP"]
[Source "lmi"]
[SourceDate "2014.09.04"]
[WhiteTeam "CLUB MAGIC EXTREMADURA"]
[BlackTeam "MERIDA PATRIMONIO DE LA HUMANIDAD"]

1. e4 c5 2. Nf3 e6 3. b3 a6 4. Qe2 Nc6 5. Bb2 d6 6. d4 cxd4 7. Nxd4 Nxd4 8.
Bxd4 Nf6 9. Nd2 e5 10. Bb2 Be7 11. g3 Bg4 12. Qd3 d5 13. f3 Be6 14. Bxe5 O-O
15. Bb2 dxe4 16. Qxd8 Rfxd8 17. Nxe4 Nxe4 18. fxe4 Bb4+ 19. c3 Be7 20. Be2 Bf6
21. Rd1 b5 22. Rf1 Be5 23. Rf3 Rdc8 24. Rd2 h6 25. Rc2 g5 26. Bc1 Rc7 27. Ba3
Rac8 28. Bb4 Kg7 29. Kd1 Rc6 30. Re3 Kg6 31. Kc1 h5 32. Kb2 g4 33. a3 f6 34.
Rd2 Kg5 35. Bd1 h4 36. Bc2 Bf7 37. Rd7 Bg6 38. a4 bxa4 39. bxa4 hxg3 40. hxg3
Rb8 41. Ka3 Rh8 42. Bb3 Rc7 43. Rd5 Bf7 44. Ra5 Bxb3 45. Kxb3 Rc6 46. Rd5 Rh3
47. Rdd3 Rxg3 48. Rxg3 Bxg3 49. Rxg3 Kf4 50. Rg1 g3 51. c4 Kf3 52. c5 Re6 53.
Bc3 Rxe4 54. Bxf6 g2 55. Kc3 Kg3 56. Bd4 Kh2 57. Rc1 Re7 58. Kc4 Rf7 59. c6 Rf1
60. Rc2 1-0

[Event "España tch División de Honor 2014"]
[Site "Linares ESP"]
[Date "2014.09.06"]
[Round "3.1"]
[White "Korneev, Oleg"]
[Black "Santos Latasa, Jaime"]
[Result "0-1"]
[WhiteElo "2581"]
[BlackElo "2486"]
[PlyCount "144"]
[EventDate "2014.09.04"]
[EventType "team-tourn"]
[EventRounds "7"]
[EventCountry "ESP"]
[Source "lmi"]
[SourceDate "2014.09.04"]
[WhiteTeam "MERIDA PATRIMONIO DE LA HUMANIDAD"]
[BlackTeam "CLUB MAGIC EXTREMADURA"]

1. e4 c5 2. Nf3 d6 3. d4 cxd4 4. Nxd4 Nf6 5. Nc3 a6 6. Be3 Ng4 7. Bc1 Nf6 8. f3
e5 9. Nb3 Be6 10. Be3 Be7 11. Qd2 O-O 12. O-O-O a5 13. a4 Nc6 14. g4 Nb4 15.
Kb1 Qc8 16. g5 Nh5 17. Rg1 Kh8 18. f4 exf4 19. Bxf4 Nxf4 20. Qxf4 Qd8 21. Nd5
Bd7 22. Bb5 Bxb5 23. axb5 a4 24. Nd4 Nxd5 25. exd5 a3 26. b3 a2+ 27. Ka1 f6 28.
Ne6 fxg5 29. Qd4 Bf6 30. Nxd8 Rfxd8 31. Qb2 Bxb2+ 32. Kxb2 Rf8 33. Rg2 Rf5 34.
c4 h5 35. Ra1 Kh7 36. Kc3 g4 37. Raxa2 Rxa2 38. Rxa2 h4 39. Rg2 g3 40. hxg3
Rf3+ 41. Kd4 h3 42. Rh2 Rxg3 43. c5 dxc5+ 44. Kc4 Kg6 45. d6 Kf7 46. Re2 Rg1
47. Kxc5 Rd1 48. Rh2 Rd3 49. Kb6 Ke6 50. b4 Kxd6 51. Kxb7 g5 52. b6 g4 53. Ka6
Ra3+ 54. Kb5 Ra8 55. b7 Rg8 56. Kb6 Ke5 57. Ka7 Kf4 58. b5 g3 59. Rxh3 g2 60.
b8=Q+ Rxb8 61. Kxb8 g1=Q 62. Rh8 Qb6+ 63. Kc8 Qe6+ 64. Kb7 Qe4+ 65. Ka7 Qd4+
66. b6 Qa1+ 67. Kb7 Qxh8 68. Kc7 Qc3+ 69. Kb8 Ke5 70. b7 Kd6 71. Ka8 Qa5+ 72.
Kb8 Kc6 0-1

[Event "España tch División de Honor 2014"]
[Site "Linares ESP"]
[Date "2014.09.06"]
[Round "3.2"]
[White "Harikrishna, Pentala"]
[Black "Rakhmanov, Aleksandr"]
[Result "1-0"]
[WhiteElo "2725"]
[BlackElo "2626"]
[PlyCount "129"]
[EventDate "2014.09.04"]
[EventType "team-tourn"]
[EventRounds "7"]
[EventCountry "ESP"]
[Source "lmi"]
[SourceDate "2014.09.04"]
[WhiteTeam "C.A. SOLVAY"]
[BlackTeam "ESCOLA D'ESCACS DE BARCELONA"]

1. d4 Nf6 2. Nc3 d5 3. Bf4 e6 4. e3 Bd6 5. Bd3 b6 6. Bg5 Bb7 7. Qf3 h6 8. Qh3
Nbd7 9. Nb5 Qe7 10. c3 a6 11. Nxd6+ Qxd6 12. Bh4 a5 13. Qg3 Qxg3 14. Bxg3 c5
15. f3 Ba6 16. Bc2 O-O 17. Ne2 Rfe8 18. Kf2 e5 19. Rhe1 Re7 20. Rad1 Rae8 21.
Nc1 e4 22. Ba4 b5 23. Bc2 c4 24. Bd6 Re6 25. Bc7 Nb6 26. Ne2 Rc6 27. Bf4 b4 28.
Ra1 Nh5 29. h4 Nxf4 30. Nxf4 g6 31. g4 Bc8 32. fxe4 dxe4 33. g5 Rd6 34. Rg1 Nd5
35. Nxd5 Rxd5 36. Ke2 Kg7 37. Raf1 hxg5 38. Rxg5 Rxg5 39. hxg5 Bg4+ 40. Kf2 Bf3
41. Kg3 Rh8 42. Bd1 Bxd1 43. Rxd1 Rh5 44. Kf4 Rh2 45. cxb4 Rxb2 46. bxa5 Rxa2
47. d5 c3 48. Rc1 c2 49. Ke5 Kf8 50. Kxe4 Rxa5 51. Rxc2 Ra1 52. Ke5 Rg1 53. e4
Rd1 54. Kd6 Ra1 55. Rc8+ Kg7 56. e5 Rg1 57. Rc7 Kf8 58. e6 fxe6 59. Kxe6 Rxg5
60. d6 Rg1 61. Rc8+ Kg7 62. d7 Re1+ 63. Kd5 Rd1+ 64. Kc6 Rc1+ 65. Kd5 1-0

[Event "España tch División de Honor 2014"]
[Site "Linares ESP"]
[Date "2014.09.06"]
[Round "3.2"]
[White "Spraggett, Kevin"]
[Black "Delchev, Aleksander"]
[Result "1/2-1/2"]
[WhiteElo "2564"]
[BlackElo "2660"]
[PlyCount "84"]
[EventDate "2014.09.04"]
[EventType "team-tourn"]
[EventRounds "7"]
[EventCountry "ESP"]
[Source "lmi"]
[SourceDate "2014.09.04"]
[WhiteTeam "ESCOLA D'ESCACS DE BARCELONA"]
[BlackTeam "C.A. SOLVAY"]

1. e4 d6 2. d4 Nf6 3. Nc3 e5 4. Nf3 Nbd7 5. g3 Be7 6. Bg2 O-O 7. O-O Re8 8. Re1
Bf8 9. b3 a6 10. a4 b6 11. d5 Bb7 12. Nd2 c6 13. dxc6 Bxc6 14. Nc4 Qc7 15. Ba3
Nc5 16. a5 b5 17. Nb6 Rab8 18. Bb4 Ncd7 19. Nxd7 Nxd7 20. Qd2 Nc5 21. Nd5 Bxd5
22. Qxd5 Ne6 23. c3 Nd8 24. Red1 Re6 25. Qd2 Nc6 26. h4 Rf6 27. Qe3 Nxb4 28.
cxb4 d5 29. exd5 Bxb4 30. Rdc1 Qe7 31. Ra2 Rd8 32. Be4 g6 33. h5 Rfd6 34. hxg6
hxg6 35. g4 Qh4 36. f3 Kg7 37. Rh2 Qg3+ 38. Rg2 Qf4 39. Qxf4 exf4 40. Ra2 Kf6
41. Rc7 R8d7 42. Rc8 Rd8 1/2-1/2

[Event "España tch División de Honor 2014"]
[Site "Linares ESP"]
[Date "2014.09.06"]
[Round "3.2"]
[White "Ganguly, Surya Shekhar"]
[Black "Cruz, Cristhian"]
[Result "1-0"]
[WhiteElo "2614"]
[BlackElo "2569"]
[PlyCount "61"]
[EventDate "2014.09.04"]
[EventType "team-tourn"]
[EventRounds "7"]
[EventCountry "ESP"]
[Source "lmi"]
[SourceDate "2014.09.04"]
[WhiteTeam "C.A. SOLVAY"]
[BlackTeam "ESCOLA D'ESCACS DE BARCELONA"]

1. e4 e6 2. d4 d5 3. Nc3 dxe4 4. Nxe4 Nd7 5. Nf3 Ngf6 6. Bd3 Nxe4 7. Bxe4 Nf6
8. Bg5 Be7 9. Bxf6 gxf6 10. O-O c5 11. Re1 O-O 12. Qe2 cxd4 13. Rad1 Qa5 14.
Nxd4 Rd8 15. c3 f5 16. Bxf5 Rxd4 17. Bxh7+ Kxh7 18. Rxd4 Qf5 19. Rd3 Kg8 20.
Qd2 Qf6 21. Rf3 Qh4 22. Rh3 Qf6 23. Ree3 Kf8 24. Ref3 Qg6 25. Rd3 Bg5 26. f4 e5
27. Rd8+ Ke7 28. Rhh8 Qb6+ 29. Qf2 Bxf4 30. Rhe8+ Kf6 31. Rxc8 1-0

[Event "España tch División de Honor 2014"]
[Site "Linares ESP"]
[Date "2014.09.06"]
[Round "3.2"]
[White "Gual Pascual, Antonio"]
[Black "Adhiban, Baskaran"]
[Result "0-1"]
[WhiteElo "2447"]
[BlackElo "2619"]
[PlyCount "70"]
[EventDate "2014.09.04"]
[EventType "team-tourn"]
[EventRounds "7"]
[EventCountry "ESP"]
[Source "lmi"]
[SourceDate "2014.09.04"]
[WhiteTeam "ESCOLA D'ESCACS DE BARCELONA"]
[BlackTeam "C.A. SOLVAY"]

1. c4 Nf6 2. g3 g6 3. Bg2 Bg7 4. Nc3 O-O 5. e4 d6 6. Nge2 e5 7. O-O Nc6 8. d3
Nh5 9. Nd5 Ne7 10. Nec3 c6 11. Nxe7+ Qxe7 12. b4 a6 13. a4 Be6 14. Rb1 Nf6 15.
b5 a5 16. bxc6 bxc6 17. Ba3 Rfb8 18. Qc2 Bf8 19. h3 Qa7 20. Kh2 Rxb1 21. Rxb1
Rb8 22. Nd1 Be7 23. Ne3 Nd7 24. h4 Rxb1 25. Qxb1 Bd8 26. Bh3 Bxh3 27. Kxh3 Bb6
28. Ng4 h5 29. Nh6+ Kg7 30. Qc1 f6 31. Bxd6 Bc5 32. Bxc5 Nxc5 33. Qe3 Qd7+ 34.
Nf5+ gxf5 35. Qxc5 fxe4+ 0-1

[Event "España tch División de Honor 2014"]
[Site "Linares ESP"]
[Date "2014.09.06"]
[Round "3.2"]
[White "Cacho Reigadas, Sergio"]
[Black "Avila Jimenez, Xavier"]
[Result "1-0"]
[WhiteElo "2511"]
[BlackElo "2220"]
[PlyCount "67"]
[EventDate "2014.09.04"]
[EventType "team-tourn"]
[EventRounds "7"]
[EventCountry "ESP"]
[Source "lmi"]
[SourceDate "2014.09.04"]
[WhiteTeam "C.A. SOLVAY"]
[BlackTeam "ESCOLA D'ESCACS DE BARCELONA"]

1. d4 d5 2. c4 c6 3. Nf3 Nf6 4. Qc2 dxc4 5. Qxc4 Bg4 6. Nbd2 Nbd7 7. g3 e6 8.
Bg2 Be7 9. O-O O-O 10. b3 Rc8 11. e3 b5 12. Qe2 Qb6 13. Bb2 c5 14. Rfc1 cxd4
15. Bxd4 Rxc1+ 16. Rxc1 Qa5 17. Qd3 Rd8 18. Qc2 Nd5 19. e4 N5b6 20. Qb1 Bb4 21.
Be3 Nf8 22. Rc2 Bh5 23. Qc1 Ba3 24. Qf1 Nbd7 25. Nd4 Qa6 26. Qxb5 Qxb5 27. Nxb5
Bb4 28. f3 Ne5 29. Kf2 a6 30. Nd4 Nfd7 31. Ke2 a5 32. g4 Bg6 33. h3 Nf8 34. f4
1-0

[Event "España tch División de Honor 2014"]
[Site "Linares ESP"]
[Date "2014.09.06"]
[Round "3.2"]
[White "Orteu Capdevila, Max"]
[Black "Ubilava, Elizbar"]
[Result "0-1"]
[WhiteElo "2080"]
[BlackElo "2480"]
[PlyCount "49"]
[EventDate "2014.09.04"]
[EventType "team-tourn"]
[EventRounds "7"]
[EventCountry "ESP"]
[Source "lmi"]
[SourceDate "2014.09.04"]
[WhiteTeam "ESCOLA D'ESCACS DE BARCELONA"]
[BlackTeam "C.A. SOLVAY"]

1. e4 c5 2. Nf3 e6 3. g3 d5 4. exd5 exd5 5. d4 Bg4 6. Bg2 cxd4 7. O-O Nc6 8. h3
Bh5 9. Re1+ Be7 10. g4 Bg6 11. Nxd4 Nf6 12. Nxc6 bxc6 13. Qe2 h5 14. g5 Ne4 15.
b3 O-O 16. Nd2 Bxg5 17. Nxe4 dxe4 18. Bxe4 Re8 19. f3 Bf6 20. Rb1 Bd4+ 21. Kh1
Qh4 22. Qf1 Rxe4 23. fxe4 Bxe4+ 24. Rxe4 Qxe4+ 25. Kh2 0-1

[Event "España tch División de Honor 2014"]
[Site "Linares ESP"]
[Date "2014.09.06"]
[Round "3.3"]
[White "Bacrot, Etienne"]
[Black "Iturrizaga Bonelli, Eduardo"]
[Result "1-0"]
[WhiteElo "2729"]
[BlackElo "2660"]
[PlyCount "97"]
[EventDate "2014.09.04"]
[EventType "team-tourn"]
[EventRounds "7"]
[EventCountry "ESP"]
[Source "lmi"]
[SourceDate "2014.09.04"]
[WhiteTeam "GROS XAKE TALDEA"]
[BlackTeam "EQUIGOMA -  CASA SOCIAL CATOLICA"]

1. d4 Nf6 2. c4 c5 3. d5 e6 4. Nc3 exd5 5. cxd5 d6 6. e4 g6 7. Nf3 Bg7 8. h3
O-O 9. Be3 Nbd7 10. Bd3 Ne8 11. O-O Nc7 12. Rc1 Re8 13. Bg5 Bf6 14. Bf4 Qe7 15.
Kh1 a6 16. a3 b5 17. b4 Bb7 18. Bb1 Rad8 19. Qd2 Na8 20. Rfe1 Nab6 21. Bd3 Rc8
22. Bf1 cxb4 23. axb4 Nc4 24. Qd1 Nde5 25. Na2 Nb2 26. Qb3 Nxf3 27. Qxf3 Rxc1
28. Bxc1 Nc4 29. Bxc4 bxc4 30. Bd2 Bg7 31. Bc3 Bxc3 32. Nxc3 f5 33. Re3 Qf6 34.
exf5 Rxe3 35. Qxe3 Qxf5 36. Qe8+ Kg7 37. Qe7+ Kh6 38. Qh4+ Kg7 39. Qe7+ Kh6 40.
Kg1 Qe5 41. Qf8+ Kh5 42. Nd1 Bxd5 43. Ne3 Qa1+ 44. Kh2 Bxg2 45. Kxg2 Qd4 46.
Ng4 Qd5+ 47. Kh2 Qd2 48. Qf7 c3 49. Nf6+ 1-0

[Event "España tch División de Honor 2014"]
[Site "Linares ESP"]
[Date "2014.09.06"]
[Round "3.3"]
[White "Sokolov, Ivan"]
[Black "Arizmendi Martinez, Julen Luis"]
[Result "1/2-1/2"]
[WhiteElo "2646"]
[BlackElo "2544"]
[PlyCount "87"]
[EventDate "2014.09.04"]
[EventType "team-tourn"]
[EventRounds "7"]
[EventCountry "ESP"]
[Source "lmi"]
[SourceDate "2014.09.04"]
[WhiteTeam "GROS XAKE TALDEA"]
[BlackTeam "EQUIGOMA -  CASA SOCIAL CATOLICA"]

1. d4 e6 2. c4 Nf6 3. Nc3 Bb4 4. e3 d5 5. a3 Bxc3+ 6. bxc3 O-O 7. cxd5 exd5 8.
Bd3 c5 9. Ne2 b6 10. O-O Ba6 11. dxc5 Bxd3 12. Qxd3 Nbd7 13. cxb6 axb6 14. Rb1
Ra5 15. Rb4 Qc7 16. Qb1 Re8 17. Rd1 h6 18. h3 Rc5 19. Bd2 Ra8 20. Nd4 Qe5 21.
Qb3 Qh5 22. Nf3 Ne4 23. Be1 Rca5 24. a4 Nef6 25. Qc2 Qg6 26. Qxg6 fxg6 27. Rdd4
R8a6 28. c4 dxc4 29. Rbxc4 Rc5 30. e4 Rxc4 31. Rxc4 Nc5 32. a5 Nfxe4 33. Bb4
Nd6 34. Rd4 Ndb7 35. Rd5 Ne6 36. axb6 Rxb6 37. Bc3 Nf4 38. Rd2 Rb3 39. Be5 Ne6
40. Nd4 Rb1+ 41. Kh2 Nbd8 42. f4 Nxd4 43. Rxd4 Nf7 44. Rd5 1/2-1/2